| 000 | 01558cam a2200445 a 4500 | ||
|---|---|---|---|
| 003 | OCoLC | ||
| 005 | 20241220115134.0 | ||
| 008 | 050309s2005 nyu 000 1 eng | ||
| 001 | ocm58563556 | ||
| 010 | _a 2005041417 | ||
| 020 | _a0385511248 | ||
| 029 | 1 |
_aNLGGC _b274231018 |
|
| 035 | _a(Sirsi) i9780385511247 | ||
| 040 |
_aDLC _cDLC _dIG# _dBAKER _dVP@ _dUINTA |
||
| 043 | _an-us-fl | ||
| 049 | _aUCLB | ||
| 050 | 0 | 0 |
_aPS3562.I51175 _bD43 2005 |
| 082 | 0 | 0 |
_a813/.54 _222 |
| 092 | _aLINDSAY | ||
| 100 | 1 |
_aLindsay, Jeffry P. _960979 |
|
| 245 | 1 | 0 |
_aDearly devoted Dexter : _ba novel / _cJeff Lindsay. |
| 250 | _a1st ed. | ||
| 260 |
_aNew York : _bDoubleday, _c2005. |
||
| 300 |
_a292 p. ; _c22 cm. |
||
| 650 | 0 |
_aForensic scientists _vFiction. _95686637 |
|
| 650 | 0 |
_aSerial murderers _vFiction. _95674253 |
|
| 650 | 0 |
_aSerial murders _vFiction. _95678480 |
|
| 651 | 0 |
_aMiami (Fla.) _vFiction. _95699222 |
|
| 650 | 0 |
_aVigilantes _vFiction. _95675922 |
|
| 655 | 0 |
_aPsychological fiction. _95673631 |
|
| 655 | 0 |
_aSuspense fiction. _96160255 |
|
| 938 |
_aIngram _bINGR _n0385511248 |
||
| 938 |
_aBaker & Taylor _bBKTY _c22.95 _d17.21 _i0385511248 _n0006146912 _sactive |
||
| 942 |
_cBOOK _029 |
||
| 994 |
_aC0 _bUINTA |
||
| 856 | 4 | 2 |
_3Contributor biographical information _uhttp://www.loc.gov/catdir/enhancements/fy0623/2005041417-b.html |
| 856 | 4 | 2 |
_3Publisher description _uhttp://www.loc.gov/catdir/enhancements/fy0623/2005041417-d.html |
| 856 | 4 | 1 |
_3Sample text _uhttp://www.loc.gov/catdir/enhancements/fy0623/2005041417-s.html |
| 998 | _aa87724 | ||
| 999 |
_c38951 _d38951 |
||